Hispanic American newspapers, 1808-1980.
Hispanic American Newspapers, 1808-1980 represents the single largest compilation of Spanish-language newspapers printed in the U.S. during the 19th and 20th centuries. The distinctive collection features hundreds of Hispanic American newspapers, including many long scattered and forgotten titles pu...
| Format: | Database |
|---|---|
| Language: | English Spanish |
| Language Notes: | Search interface in English; newspapers in Spanish and English. |
| Published: |
[Naples, Fla.] :
Readex, a division of NewsBank
|
| Series: | Archive of Americana.
|
| Subjects: | |
| Online Access: | http://proxy.library.tamu.edu/login?url=http://coral.library.tamu.edu/resourcelink.php?resource=3692 |
MARC
| Tag | First Indicator | Second Indicator | Subfields |
|---|---|---|---|
| LEADER | 00000cai a2200000 a 4500 | ||
| 001 | in00002815413 | ||
| 005 | 20190331170857.0 | ||
| 006 | m o d | ||
| 007 | cr m|||||||||| | ||
| 008 | 080617c200u9999fluuu d o 0 2eng c | ||
| 010 | |a 2010239095 | ||
| 019 | |a 226293891 | ||
| 035 | |a (OCoLC)232153475 | ||
| 040 | |a JNA |b eng |c JNA |d ZCU |d TXF |d UBY |d IUL |d OCLCQ |d IUL |d OCLCF |d OCLCO |d OCLCQ |d OCLCO |d IUL |d CTL |d OCL |d GZM |d CUS | ||
| 041 | 0 | |a spa |a eng | |
| 042 | |a pcc | ||
| 043 | |a n-us--- | ||
| 049 | |a TXAM | ||
| 050 | 4 | |a PN4888.H57 | |
| 245 | 0 | 0 | |a Hispanic American newspapers, 1808-1980. |
| 246 | 1 | |i Additional title: |a America's historical newspapers. |p Hispanic American newspapers, 1808-1980 | |
| 264 | 1 | |a [Naples, Fla.] : |b Readex, a division of NewsBank | |
| 300 | |a 1 online resource | ||
| 336 | |a text |b txt |2 rdacontent | ||
| 337 | |a computer |b c |2 rdamedia | ||
| 338 | |a online resource |b cr |2 rdacarrier | ||
| 500 | |a Title from search page (viewed Oct. 25, 2010). | ||
| 538 | |a Mode of access: World Wide Web. | ||
| 506 | |a Access limited to subscribers. | ||
| 500 | |a Electronic resource. | ||
| 520 | |a Hispanic American Newspapers, 1808-1980 represents the single largest compilation of Spanish-language newspapers printed in the U.S. during the 19th and 20th centuries. The distinctive collection features hundreds of Hispanic American newspapers, including many long scattered and forgotten titles published in the 19th century. Based on the "Recovering the U.S. Hispanic Literary Heritage Project," a national research effort directed by Professor Nicolás Kanellos, this digital resource is the first in a new American Ethnic Newspapers series, available within America's Historical Newspapers. | ||
| 546 | |a Search interface in English; newspapers in Spanish and English. | ||
| 588 | |a Title from home page (viewed 30 Sep 2018). | ||
| 655 | 4 | |a Electronic reference sources. | |
| 650 | 0 | |a Hispanic Americans |v Newspapers. | |
| 651 | 0 | |a United States |v Newspapers. | |
| 655 | 7 | |a Sources. |2 fast |0 (OCoLC)fst01423900 | |
| 710 | 2 | |a Readex (Firm), |e issuing body. | |
| 773 | 0 | |t America's historical newspapers. |d Chester, Vt. : Readex |w (OCoLC)743735092 | |
| 856 | 4 | 0 | |u http://proxy.library.tamu.edu/login?url=http://coral.library.tamu.edu/resourcelink.php?resource=3692 |t 0 |
| 830 | 0 | |a Archive of Americana. | |
| 994 | |a C0 |b TXA | ||
| 948 | |a cataloged |b h |c 2013/2/25 |d c |e lfurubot |f 2:03:39 pm | ||
| 949 | |a updated |b h |c 2012/7/26 |e lfurubot |f 10:31:22 am |g metatocoral project | ||
| 999 | |a MARS | ||
| 999 | f | f | |s eaf3e909-0db1-38be-8e87-8c8dd9391c24 |i 61c1a97f-32ed-393b-b3f5-d278eddcd3a0 |t 0 |
| 952 | f | f | |a Texas A&M University |b College Station |c Electronic Resources |s www_evans |d Available Online |t 0 |e PN4888.H57 H576 |g Electronic |h Library of Congress classification |
| 998 | f | f | |a PN4888.H57 H576 |t 0 |l Available Online |